Wyspy UE - Statystyki

Ogólne statystyki
  • Ten quiz został rozwiązany 41 razy
    9 od ostatniego zresetowania
  • Średni wynik to 7 z 10
Answers on the Grid
Answers color-coded by a green-red scale on the quiz's grid according to % correct below.
Wielka Brytania
Sri Lanka
Majorka
Ibiza
Falkland Zachodni
Fuertaventura
Madera
Rugia
Wyspa Halla
Malta
Portoryko
Mauritius
Isla Española
Ilha do Pico
Islandia
Irlandia
Wyspa Południowa
Wolin
Wyspa Słodowa
Little st. James
 
Statystyki odpowiedzi
Odpowiedź % Poprawnych
Wolin
100%
Ibiza
80%
Irlandia
80%
Majorka
80%
Malta
80%
Rugia
80%
Madera
60%
Fuertaventura
40%
Ilha do Pico
40%
Wyspa Słodowa
40%
Nie znaleziono quizów pasujących do podanych kryteriów
Rozkład punktacji
Procent ludzi z każdym wynikiem
Percentyl według liczby udzielonych odpowiedzi
Twoja historia wyników
Nie rozwiązałeś tego quizu od ostatniego zresetowania